| 000 | 01469nam0a2200337 4500 | ||
|---|---|---|---|
| 001 | RU\NLR\bibl\899718 | ||
| 005 | 20250614175559.0 | ||
| 010 |
_a5-9684-0113-3 _92000 |
||
| 021 |
_aRU _b2005-78330 _93864 |
||
| 035 | _a(NLR Aleph) 000888160 | ||
| 090 |
_a1701449 _c1701449 |
||
| 100 | _a20060124d2006 |||y0rusy50 ca | ||
| 101 | 1 |
_arus _ceng |
|
| 102 | _aRU | ||
| 105 | _aa ||||||||| | ||
| 200 | 1 |
_aНаука и искусство маркетинга _eпрофессиональный взгляд на маркетинг _fГрэхем Р. Даулинг _g[пер. с англ. Т. Виноградова и др.] |
|
| 210 |
_aСанкт-Петербург _cВектор _d2006 |
||
| 215 |
_a392 с. _cил. _d24 |
||
| 225 | 1 | _aАкадемия маркетинга | |
| 300 | _aЗагл. и авт. ориг.: The art and science of marketing/ Grahame R. Dowling | ||
| 300 | _aНа 4-й с. обл. авт.: Проф. Г.Р. Даулинг. | ||
| 320 | _aБиблиогр. в примеч. в конце глав | ||
| 454 | 0 |
_12001#$aThe art and science of marketing$fGrahame R. Dowling _1700#1$aDowling$bG. R.$gGrahame R.$4070 _tThe art and science of marketing _aDowling, Grahame R. |
|
| 606 | 1 |
_aМаркетинг _91262222 _3RU\NLR\auth\66200829 |
|
| 686 | _aУ5-361.4 | ||
| 700 | 1 |
_aДаулинг _bГ. Р. _gГрэхем Р. _4070 |
|
| 801 | 0 |
_aRU _bNLR _c20060124 _grcr |
|
| 801 | 1 |
_aRU _bNLR _c20060124 |
|
| 942 | _cBOOK | ||
| 980 | _aNB | ||